Five Largest Countries by Letter #3 - Statistics

General Stats
  • This quiz has been taken 149 times
  • The average score is 14 of 20
Answer Stats
country % Correct
2 Germany
89%
1 Niger
82%
1 Mexico
81%
3 Nigeria
81%
2 Turkey
81%
3 Mali
80%
4 Mauritania
80%
2 Mongolia
78%
2 Namibia
75%
4 Turkmenistan
73%
1 Tanzania
72%
4 Ghana
70%
3 Thailand
67%
4 Norway
66%
3 Guinea
65%
5 Guyana
61%
5 Mozambique
55%
5 New Zealand
52%
5 Tunisia
50%
1 Greenland
21%
No matching quizzes found
Score Distribution
Percent of People with Each Score
Percentile by Number Answered
Your Score History
You have not taken this quiz